|
|
|
|
| LEADER |
00000naa2a2200000 4500 |
| 001 |
206012 |
| 005 |
20231031190601.0 |
| 035 |
|
|
|a (RuTPU)RU\TPU\book\224556
|
| 035 |
|
|
|a RU\TPU\book\224554
|
| 090 |
|
|
|a 206012
|
| 100 |
|
|
|a 20111222d1976 k y0rusy50 ca
|
| 101 |
0 |
|
|a rus
|
| 102 |
|
|
|a RU
|
| 200 |
1 |
|
|a О химическом составе здоровой и фаутной древесины хвойных пород
|f Л. П. Скиба, Н. А. Чупрова
|
| 320 |
|
|
|a Библиогр.: с. 33 (10 назв.)
|
| 461 |
|
0 |
|0 (RuTPU)RU\TPU\book\136931
|t Химия и химическая технология древесины
|o межвузовский сборник научных трудов
|f Сибирский технологический институт (СибТИ)
|d 1973-1977
|
| 463 |
|
0 |
|0 (RuTPU)RU\TPU\book\224411
|t Вып. 4
|v С. 27-33
|d 1976
|p 150 с.
|
| 700 |
|
1 |
|a Скиба
|b Л. П.
|
| 701 |
|
1 |
|a Чупрова
|b Н. А.
|
| 801 |
|
1 |
|a RU
|b 63413507
|c 20111222
|
| 801 |
|
2 |
|a RU
|b 63413507
|c 20111222
|g RCR
|
| 942 |
|
|
|c BK
|